00927nam a22002177a 4500003000900000008004100009040007100050082001700121100003200138245005400170260007100224300003000295440003200325505018700357650001900544650002300563650002100586700002900607700003900636700003400675AR-CdUCM190227b ||||| |||| 00| 0 spa d aMUNICIPALIDAD PROVINCIAL DEL CUSCOcBIBLIOTECA MUNICIPAL DEL CUSCO a340.7 /bB82 aBonesana, Cesare (Beccaria) aDe los delitos y de las penas /c Cesare Beccaria aBuenos Aires : bEdiciones Jurídicas Europa - América, c1958. a296 páginas :c15.7 cm. aBrevarios de Derechon : 16 aContenido: De los delitos y de las penas -- Origen de las penas y derecho a castigar -- Consecuencias -- Interpretación de las leyes - Oscuridad de las leyes -- De las capturas ... aDerecho Penal. aCódigo Procesal. aDerecho General. aSentis Melendo, Santiago aAyerra Redin, Marino (Traductores) aCalamandrei, Piero (Prefacio)